header

A-rafting on the Mississip' (Record no. 133529)

MARC details
000 -LEADER
fixed length control field 01445nam a2200349Ia 4500
082 04 - DEWEY DECIMAL CLASSIFICATION NUMBER
Classification number 634.98097709034
100 1# - MAIN ENTRY--AUTHOR NAME
Personal name Russell, Charles Edward,
245 10 - TITLE STATEMENT
Title A-rafting on the Mississip'
260 ## - PUBLICATION, DISTRIBUTION, ETC. (IMPRINT)
Place of publication Minneapolis ;
-- London :
Name of publisher University of Minnesota Press,
Year of publication 2001.
300 ## - PHYSICAL DESCRIPTION
Number of Pages xii, 357 p. :
Other physical details ill., maps, ports.
490 1# - SERIES STATEMENT
Series statement The Fesler-Lampert Minnesota heritage book series
500 ## - GENERAL NOTE
General note Originally published: New York : Century Co., c1928.
650 #0 - SUBJECT ADDED ENTRY--TOPICAL TERM
Topical Term Lumbering
Topical Term Log driving
Topical Term Steam-navigation
856 40 - ELECTRONIC LOCATION AND ACCESS
Uniform Resource Identifier http://site.ebrary.com/lib/rucke/Doc?id=10159670

No items available.

© 2026 Rongo University
Contact us: librarian | system librarian | Rongo university